'D' Pictures by Category Quiz Stats

Quiz Updated Sep 21, 2017

Challenge
Share
Tweet
Score 0/36 Timer 04:00
19 Plays Today
picture d-name % Correct
____________________
100%
____________________
99.9%
____________________
99.9%
____________________
99.9%
____________________
99.9%
____________________
99.9%
Doughnuts
96.7%
Desk
95.6%
Dentist
94.6%
Dancer
94.4%
Dishwasher
94.1%
Duster
92.8%
Donald
91%
Doorbell
89.9%
Dove
85.6%
Doorman
84.6%
Doritos
84%
David
83.1%
picture d-name % Correct
Disc Jockey
82.7%
Daniel
80.8%
Deviled Eggs
80.3%
Diane
72.1%
Drain Pipe
71.1%
Dubai
70.7%
Dumplings
69.9%
Delta Airlines
58.6%
Dry Cleaner
50.6%
Denise
50.3%
Dos Equis
49.6%
DirecTV
47.6%
Detroit
44.2%
Dragon Fruit
44%
Delhi
43.7%
Dallas
33.2%
Diners Club International
15.5%
Dhaka
11.3%

You're not logged in!

Compare scores with friends on all Sporcle quizzes.
Sign Up with Email
OR
Log In

You Might Also Like...

Show Comments

Extras

Top Quizzes Today


Score Distribution

Your Account Isn't Verified!

In order to create a playlist on Sporcle, you need to verify the email address you used during registration. Go to your Sporcle Settings to finish the process.